00712nam a2200253 a 4500001001300000003000900013005001700022008004100039020001000080082001800090100002200108245003000130260003900160300000800199500003500207505001000242650001800252650001800270700002200288902000800310942000700318952011800325999001500443nice12345678IN_TiNIC20260116011848.0050524s1938 boma grp 000 0 eng  ac10000a306.0954bABD aAbdul, Latif Syed aCultural Feature of India aBombaybTimes of India Pressc1938 a18p aincludes index and biblioraphy2 aindex aIndia-Culture aCulture-India1 aAbdul, Latif Syed bSRS cBK 001040708StackRoom-aHMIbHMId2008-03-07g100.00l0o306.0954 ABDp06316r2008-03-07v100.00w2005-05-24yBK c4526d4526